| 000 | 00685cam a22002294a 4500 | ||
|---|---|---|---|
| 003 | OSt | ||
| 008 | 240216b |||||||| |||| 00| 0 eng d | ||
| 020 | _a9781439840184 (alk. paper) | ||
| 020 | _a1439840180 (alk. paper) | ||
| 041 | _aeng | ||
| 082 | 0 | 0 |
_a621.47 _bFOR/RE |
| 245 | 0 | 0 | _aRenewable resources and renewable energy : a global challenge / |
| 250 | _a2nd ed. | ||
| 260 |
_aBoca Raton : _bCRC Press, _cc2012. |
||
| 300 |
_axiv, 490 p. : _bill. ; |
||
| 650 | 0 |
_aRenewable energy sources. _96060 |
|
| 650 | 0 |
_aRenewable natural resources. _96061 |
|
| 650 | 0 |
_aBiomass energy. _96062 |
|
| 700 | 1 |
_aFornasiero, Paolo, _96063 |
|
| 700 | 1 |
_aGraziani, Mauro. _96064 |
|
| 942 | _cBK | ||
| 999 |
_c13982 _d13982 |
||